| Поле | Инд. | ПП | Название | Значение |
|---|---|---|---|---|
| Тип записи | a | |||
| Библиографический уровень | a | |||
| 001 | Контрольный номер | 62e679012e88457eb440e03a898a5376 | ||
| 005 | Дата корректировки | 20220926084640.8 | ||
| 040 | a | Служба первич. каталог. | НБ ТвГУ | |
| b | Код языка каталог. | rus | ||
| e | Правила каталог. | PSBO | ||
| 041 | 0_ | a | Код языка текста | rus |
| 097 | b | Оператор | Komarova.ES | |
| 100 | 1_ | a | Автор | Тюлин В. А. |
| 245 | 10 | a | Заглавие | Изучение изменения соотношения компонентов травостоя при интенсивном использовании |
| 260 | a | Место издания | Калинин | |
| b | Издательство | Калининский государственный университет | ||
| 504 | a | Библиография | Библиогр.: с. 67-70 (3 назв.) | |
| 520 | 0_ | a | Аннотация | Статья посвящена изучению изменения соотношения компонентов травостоя при интенсивном использовании. |
| 653 | 0_ | a | Ключевые слова | Калинин, город |
| a | Ключевые слова | Труды Тверского государственного университета | ||
| a | Ключевые слова | Критическая фаза уборки | ||
| a | Ключевые слова | Луг | ||
| a | Ключевые слова | Урожай | ||
| a | Ключевые слова | Запасные углеводы | ||
| 773 | 18 | w | Контрольный № источника | RU/IS/BASE/448384713 |
| t | Название источника | Флора и растительность южной тайги | ||
| d | Место и дата издания | Калинин : Калининский государственный университет, 1989 | ||
| g | Прочая информация | С. 63-70 | ||
| 901 | t | Тип документа | a | |
| 920 | a | Оператор | Кома | |
| 954 | b | Дата поступления в ОК | 20220926 |